| 000 | 01511cam a2200217 4500 | ||
|---|---|---|---|
| 001 | ABS63068 | ||
| 008 | 000000n2000 000 0 eng u | ||
| 035 | _a(Sirsi) u109145 | ||
| 100 | _aMinton, A. | ||
| 245 | _aKen turns developers red | ||
| 260 | _c2000 | ||
| 490 |
_aEstates Gazette _v(0043) 28 October 2000, 89-91(3) |
||
| 520 | _aLooks at the activities of Mayor Ken Livingston and where he influences the planning process. The Mayor's powers include responsibility for leading London's Spatial Development Strategy (SDS) - the all-encompassing development plan for the capital due out in 2002. The SDS will administer housing as well as economic development, transport, town centres, central London and the environment in general. Gives details of eight strategies currently being prepared, which will feed into the SDS. Discusses additional strategies, including the proposal, unpopular with developers, that the SDS will ensure that 40-50% of all new homes will be affordable. Also looks at the likely effects of the Mayor's other key power, which allows him to refuse proposals for major planning applications. Suggests we are likely to see more schemes like St George's Imperial Wharf scheme, which includes 185 affordable homes and 850 private units. Diagram. | ||
| 590 | _aABS | ||
| 650 | _aLONDON | ||
| 650 | _aMAYOR | ||
| 650 | _aSPATIAL DEVELOPMENT STRATEGY | ||
| 650 | _aPLANNING POLICY | ||
| 690 | _aENVIRONMENTAL AND LAND CONSULTANCY-PLANNING AND DEVELOPMENT | ||
| 942 | _n0 | ||
| 999 |
_c65166 _d65166 |
||